Drużyny z najmniejszą liczbą remisów - Ekstraklasa sezon 2021/2022. - Statystyki

Ogólne statystyki
  • Ten quiz został rozwiązany 67 razy
  • Średni wynik to 4 z 5
Statystyki odpowiedzi
Liczba remisów Drużyna % Poprawnych
8 Lech Poznań
100%
4 Legia Warszawa
94%
3 Wisła Płock
82%
8 Górnik Zabrze
62%
5 Zagłębie Lubin
52%
Nie znaleziono quizów pasujących do podanych kryteriów
Rozkład punktacji
Procent ludzi z każdym wynikiem
Percentyl według liczby udzielonych odpowiedzi
Twoja historia wyników
Nie rozwiązałeś tego quizu